[Event "Le Touquet op 26th"]
[Site "Le Touquet"]
[Date "2011.10.26"]
[Round "7"]
[White "Tillet, Louis Juan"]
[Black "Joie, Sebastien"]
[Result "1/2-1/2"]
[WhiteElo "2227"]
[BlackElo "2247"]
[PlyCount "39"]
[EventDate "2011.10.22"]
[EventType "swiss"]
[EventRounds "9"]
[EventCountry "FRA"]
[SourceTitle "EXT 2012"]
[Source "ChessBase"]
[SourceDate "2011.11.24"]
[SourceVersion "1"]
[SourceVersionDate "2011.11.24"]
[SourceQuality "1"]

1. d4 d6 2. e4 Nf6 3. Nc3 e5 4. Nf3 Nbd7 5. Bc4 Be7 6. 0-0 0-0 7. a4 c6 8. Re1 b6 9. h3 a6 10. Ba2 Rb8 11. Bg5 Qc7 12. b4 Re8 13. Qd3 exd4 14. Qxd4 Ne5 15. Nd2 h6 16. Bf4 Nh5 17. Bh2 Bf6 18. Qe3 Ng6 19. Nc4 Nhf4 20. Qd2 1/2-1/2

[Event "Roux CREC op"]
[Site "Roux"]
[Date "2009.07.28"]
[Round "5"]
[White "Goossens, Roel"]
[Black "Tillet, Louis Juan"]
[Result "1-0"]
[WhiteElo "2036"]
[BlackElo "2190"]
[PlyCount "83"]
[EventDate "2009.07.25"]
[EventType "swiss"]
[EventRounds "9"]
[EventCountry "BEL"]
[SourceTitle "EXT 2010"]
[Source "ChessBase"]
[SourceDate "2010.11.25"]
[SourceVersion "1"]
[SourceVersionDate "2010.11.25"]
[SourceQuality "1"]

1. d4 Nf6 2. c4 g6 3. Nc3 Bg7 4. e4 d6 5. Nf3 0-0 6. Be2 e5 7. 0-0 Nc6 8. d5 Ne7 9. Nd2 c5 10. dxc6 bxc6 11. b4 Bb7 12. Rb1 a5 13. b5 cxb5 14. Rxb5 Qc8 15. Ba3 Rd8 16. Nd5 Nexd5 17. cxd5 Ba6 18. Rb6 Bf8 19. Bxa6 Rxa6 20. Qb3 Nd7 21. Rxa6 Qxa6 22. Qc4 Qxc4 23. Nxc4 Rc8 24. Nxa5 Rc2 25. Nb7 Rxa2 26. Bxd6 Ra7 27. Rb1 Nf6 28. Bxe5 Nxe4 29. d6 f6 30. d7 Be7 31. Bb8 Ra8 32. Bc7 Ra7 33. g3 Nc5 34. Bd6 Nxb7 35. Bxe7 Kf7 36. Rxb7 Rxb7 37. d8Q Rxe7 38. Qh8 Ke6 39. Kg2 Rf7 40. Kf3 Re7 41. Ke4 Rf7 42. Qg8 1-0

[Event "Roux CREC op"]
[Site "Roux"]
[Date "2009.07.27"]
[Round "3"]
[White "Real, Thibault"]
[Black "Tillet, Louis Juan"]
[Result "0-1"]
[WhiteElo "1913"]
[BlackElo "2190"]
[PlyCount "62"]
[EventDate "2009.07.25"]
[EventType "swiss"]
[EventRounds "9"]
[EventCountry "BEL"]
[SourceTitle "EXT 2010"]
[Source "ChessBase"]
[SourceDate "2010.11.25"]
[SourceVersion "1"]
[SourceVersionDate "2010.11.25"]
[SourceQuality "1"]

1. e4 e6 2. d4 d5 3. Nc3 Bb4 4. e5 c5 5. Bd2 cxd4 6. Nb5 Bxd2+ 7. Qxd2 Nc6 8. Nf3 f6 9. Nbxd4 Nxd4 10. Nxd4 fxe5 11. Bb5+ Kf8 12. Nf3 e4 13. Ne5 Nf6 14. 0-0-0 a6 15. Be2 Bd7 16. g4 Qe7 17. g5 Ne8 18. Qf4+ Kg8 19. Bh5 Nd6 20. g6 Rf8 21. gxh7+ Kxh7 22. Qg4 Be8 23. Bg6+ Kg8 24. Bxe8 Rxe8 25. Ng6 Qf6 26. Nxh8 Nc4 27. Rdg1 Qxb2+ 28. Kd1 Qb1+ 29. Ke2 Qxc2+ 30. Kf1 Qd3+ 31. Ke1 Qd2+ 0-1

[Event "La Fere op 8th"]
[Site "La Fere"]
[Date "2009.07.04"]
[Round "1"]
[White "Malaniuk, Vladimir P"]
[Black "Tillet, Louis Juan"]
[Result "1-0"]
[WhiteElo "2563"]
[BlackElo "2190"]
[PlyCount "71"]
[EventDate "2009.07.04"]
[EventType "swiss"]
[EventRounds "9"]
[EventCountry "FRA"]
[SourceTitle "CBM 131 Extra"]
[Source "ChessBase"]
[SourceDate "2009.09.03"]
[SourceVersion "2"]
[SourceVersionDate "2009.09.16"]
[SourceQuality "1"]

1. d4 Nf6 2. Nf3 g6 3. c3 Bg7 4. Bg5 d5 5. Nbd2 Nbd7 6. e3 0-0 7. b4 Re8 8. Be2 e5 9. h3 e4 10. Nh2 h6 11. Bh4 Nf8 12. c4 c6 13. Rc1 Be6 14. a4 a6 15. 0-0 Qe7 16. Rb1 g5 17. Bg3 dxc4 18. Nxc4 Nd5 19. Qd2 f5 20. Bd6 Qd7 21. Be5 Red8 22. Rfc1 Ng6 23. Bxg7 Qxg7 24. b5 axb5 25. axb5 f4 26. bxc6 bxc6 27. Bg4 Bxg4 28. Nxg4 c5 29. Nb6 Nxb6 30. Rxb6 cxd4 31. Nf6+ Kh8 32. exd4 e3 33. fxe3 fxe3 34. Qxe3 Nf4 35. Qe4 Ra2 36. Rb7 1-0

[Event "Paris-ch"]
[Site "Paris"]
[Date "2005.07.17"]
[Round "9"]
[White "Tillet, Louis Juan"]
[Black "Leroux, Richard"]
[Result "1/2-1/2"]
[WhiteElo "2216"]
[BlackElo "2200"]
[PlyCount "41"]
[EventDate "2005.07.10"]
[EventType "swiss"]
[EventRounds "9"]
[EventCountry "FRA"]
[SourceTitle "CBM 107 Extra"]
[Source "ChessBase"]
[SourceDate "2005.09.01"]
[SourceVersion "1"]
[SourceVersionDate "2005.09.01"]
[SourceQuality "1"]

1. e4 e5 2. Nf3 Nc6 3. Bb5 a6 4. Ba4 Nf6 5. d4 exd4 6. 0-0 Be7 7. e5 Ne4 8. Nxd4 0-0 9. Nf5 d5 10. Bxc6 bxc6 11. Nxe7+ Qxe7 12. Re1 Re8 13. f3 Nd6 14. Bf4 Rb8 15. b3 Nf5 16. Qd2 Qc5+ 17. Qf2 Qd4 18. Qxd4 Nxd4 19. Na3 Bf5 20. Rac1 a5 21. Bd2 1/2-1/2

[Event "Paris-ch"]
[Site "Paris"]
[Date "2005.07.13"]
[Round "5"]
[White "Tillet, Louis Juan"]
[Black "Le Quang, Kim"]
[Result "0-1"]
[WhiteElo "2216"]
[BlackElo "2330"]
[PlyCount "62"]
[EventDate "2005.07.10"]
[EventType "swiss"]
[EventRounds "9"]
[EventCountry "FRA"]
[SourceTitle "CBM 107 Extra"]
[Source "ChessBase"]
[SourceDate "2005.09.01"]
[SourceVersion "1"]
[SourceVersionDate "2005.09.01"]
[SourceQuality "1"]

1. e4 d5 2. exd5 Nf6 3. Nc3 Nxd5 4. Bc4 c6 5. Qf3 e6 6. Qg3 Nd7 7. d4 N7f6 8. Nxd5 exd5 9. Bd3 Be6 10. Bg5 Bd6 11. Qh4 Qa5+ 12. c3 Ne4 13. Nf3 0-0 14. 0-0 Rfe8 15. Nd2 Bf5 16. f3 Ng3 17. Bxf5 Nxf5 18. Qg4 g6 19. Rf2 Re6 20. Nf1 Rae8 21. Qh3 Qb5 22. g4 Ng7 23. Ng3 Qd3 24. Raf1 c5 25. f4 cxd4 26. f5 Re1 27. fxg6 fxg6 28. cxd4 Qxd4 29. Bf6 Qe3 30. Rxe1 Qxe1+ 31. Qf1 Bc5 0-1

[Event "Paris-ch"]
[Site "Paris"]
[Date "2005.07.12"]
[Round "4"]
[White "Hess, Robert L"]
[Black "Tillet, Louis Juan"]
[Result "1-0"]
[WhiteElo "2278"]
[BlackElo "2216"]
[PlyCount "93"]
[EventDate "2005.07.10"]
[EventType "swiss"]
[EventRounds "9"]
[EventCountry "FRA"]
[SourceTitle "CBM 107 Extra"]
[Source "ChessBase"]
[SourceDate "2005.09.01"]
[SourceVersion "1"]
[SourceVersionDate "2005.09.01"]
[SourceQuality "1"]

1. e4 e6 2. d4 d5 3. Nc3 Bb4 4. e5 c5 5. a3 Bxc3+ 6. bxc3 Qc7 7. Nf3 b6 8. Bd3 Ba6 9. 0-0 Bxd3 10. cxd3 Ne7 11. a4 Nbc6 12. dxc5 Nxe5 13. Nxe5 Qxe5 14. a5 0-0 15. cxb6 Rfb8 16. Ba3 Nc8 17. d4 Qg5 18. Bc5 axb6 19. axb6 Rxa1 20. Qxa1 Qd8 21. Rb1 Nd6 22. Bxd6 Qxd6 23. Qa7 g6 24. g3 Rc8 25. Rb5 Rb8 26. Kg2 Kg7 27. h4 h6 28. Kh3 Kf6 29. Kg2 Kg7 30. Kf3 Kf6 31. Kg4 Kg7 32. Qc7 Qxc7 33. bxc7 Rc8 34. Rc5 f6 35. c4 dxc4 36. Rxc4 Kf7 37. Kf4 Ke7 38. Rc6 g5+ 39. Ke4 gxh4 40. gxh4 Kd7 41. d5 h5 42. f4 exd5+ 43. Kxd5 Ke7 44. f5 Kd7 45. Rxf6 Ra8 46. Rf7+ Ke8 47. Rh7 1-0

[Event "FRA-chT2 0304"]
[Site "France"]
[Date "2003.11.16"]
[Round "3"]
[White "Bartha, Sandor"]
[Black "Tillet, Louis Juan"]
[Result "1-0"]
[WhiteElo "2207"]
[BlackElo "2227"]
[PlyCount "111"]
[EventDate "2003.10.??"]
[EventType "team"]
[EventRounds "11"]
[EventCountry "FRA"]
[SourceTitle "EXT 2005"]
[Source "ChessBase"]
[SourceDate "2004.11.15"]
[SourceVersion "1"]
[SourceVersionDate "2004.11.15"]
[SourceQuality "1"]
[WhiteTeam "Bagneux"]
[BlackTeam "Arras"]
[WhiteTeamCountry "FRA"]
[BlackTeamCountry "FRA"]

1. d4 Nf6 2. Nf3 e6 3. Bg5 d5 4. e3 Be7 5. Bd3 c5 6. c3 Nc6 7. 0-0 h6 8. Bh4 Qc7 9. Nbd2 0-0 10. Rc1 e5 11. dxe5 Nxe5 12. Nxe5 Qxe5 13. Nf3 Qc7 14. Bb1 Be6 15. Qd3 g6 16. Bg3 Qb6 17. Ne5 Bf5 18. Qe2 Bxb1 19. Rxb1 Qe6 20. Rfd1 Nh5 21. Nf3 Nxg3 22. hxg3 Rfd8 23. a3 Bf6 24. Qb5 b6 25. Rd2 a6 26. Qb3 Rd6 27. Rbd1 Rad8 28. Qc2 Kg7 29. a4 Qd7 30. Qb3 Qc6 31. Qc2 b5 32. axb5 axb5 33. Ra1 Qb6 34. Rad1 b4 35. cxb4 cxb4 36. Nd4 Qa6 37. Qb3 Ra8 38. Qxb4 Rb6 39. Qc5 Rab8 40. b3 Bxd4 41. Qxd4+ Kg8 42. Qxd5 Rxb3 43. Qe4 Qf6 44. Rd6 Qg7 45. Rd8+ Kh7 46. Qe8 Rxd8 47. Rxd8 Rb7 48. Kh2 h5 49. e4 Ra7 50. e5 Rb7 51. f4 Ra7 52. Qc6 Re7 53. Qd6 Rb7 54. Ra8 Qh6 55. Qc6 Re7 56. Qf6 1-0

[Event "FRA-chT2S 0203"]
[Site "France"]
[Date "2002.11.17"]
[Round "3.6"]
[White "Glod, Philippe"]
[Black "Tillet, Louis Juan"]
[Result "0-1"]
[WhiteElo "2172"]
[BlackElo "2204"]
[PlyCount "68"]
[EventDate "2002.10.??"]
[EventType "team"]
[EventRounds "11"]
[EventCountry "FRA"]
[SourceTitle "EXT 2004"]
[Source "ChessBase"]
[SourceDate "2003.11.25"]
[SourceVersion "1"]
[SourceVersionDate "2003.11.25"]
[SourceQuality "1"]
[WhiteTeam "Le Vesinet"]
[BlackTeam "Arras"]
[WhiteTeamCountry "FRA"]
[BlackTeamCountry "FRA"]

1. e4 e5 2. Nf3 Nf6 3. Nxe5 d6 4. Nf3 Nxe4 5. Nc3 Nxc3 6. dxc3 Be7 7. Bf4 0-0 8. Qd2 Nd7 9. 0-0-0 Rb8 10. h3 Nc5 11. Nd4 Bd7 12. Be2 b5 13. Bf3 a5 14. g4 b4 15. c4 a4 16. h4 b3 17. cxb3 axb3 18. a3 Qc8 19. Bg5 f6 20. Bf4 Qa6 21. Be2 Rfe8 22. f3 Bf8 23. Rhe1 g6 24. h5 Bg7 25. hxg6 hxg6 26. Bd3 Kf7 27. Rh1 Rh8 28. Kb1 Qa8 29. Nb5 Rxh1 30. Rxh1 Qxf3 31. Rd1 Nxd3 32. Qxd3 Qxf4 33. Nxc7 Bxg4 34. Qd5+ Kf8 0-1

[Event "FRA-chT2"]
[Site "France"]
[Date "2002.02.03"]
[Round "7.2"]
[White "Tillet, Louis Juan"]
[Black "Houhou, Olivier"]
[Result "1/2-1/2"]
[WhiteElo "2181"]
[BlackElo "2218"]
[PlyCount "149"]
[EventDate "2002.??.??"]
[EventType "team"]
[EventRounds "11"]
[EventCountry "FRA"]
[SourceTitle "EXT 2003"]
[Source "ChessBase"]
[SourceDate "2002.11.25"]
[SourceVersion "1"]
[SourceVersionDate "2002.11.25"]
[SourceQuality "1"]

1. e4 c5 2. c3 d5 3. exd5 Qxd5 4. d4 Nf6 5. Nf3 Nc6 6. Na3 Bg4 7. Be2 cxd4 8. Nb5 0-0-0 9. Nbxd4 e5 10. Nxc6 Qxc6 11. Qb3 Bc5 12. 0-0 Qc7 13. h3 Bh5 14. Bg5 h6 15. Bh4 Rhe8 16. Qa4 e4 17. Nd4 Bxe2 18. Nxe2 e3 19. Nd4 exf2+ 20. Rxf2 Re4 21. Bxf6 gxf6 22. Rd1 Qe5 23. Qc2 Rg8 24. Kh1 Re1+ 25. Rf1 Rxd1 26. Qxd1 Bd6 27. Nf3 Qg3 28. Qe2 Kb8 29. Qf2 Qf4 30. Qh4 Qxh4 31. Nxh4 Re8 32. Nf5 Bf8 33. Rf2 Kc7 34. g3 h5 35. Kg2 Re5 36. g4 hxg4 37. hxg4 Kd7 38. Kf3 Bc5 39. Rd2+ Kc7 40. Rh2 Kd7 41. b4 Bb6 42. c4 Bc7 43. Rh7 Ke6 44. Rh8 a5 45. a3 axb4 46. axb4 b6 47. Nd4+ Kd7 48. Rf8 Ke7 49. Ra8 Re1 50. Ra7 Kd8 51. Nb5 Bh2 52. Rxf7 Rb1 53. Nd4 Be5 54. Nc6+ Ke8 55. Re7+ Kf8 56. Rd7 Rc1 57. Nxe5 fxe5 58. Rc7 b5 59. c5 Rc4 60. g5 Rxb4 61. Rb7 Rf4+ 62. Ke3 Rc4 63. Rxb5 Ke7 64. g6 Kf6 65. Rb6+ Kg7 66. Rc6 Kf8 67. Rc7 Kg8 68. c6 Kf8 69. Kd3 Rc1 70. Ke4 Re1+ 71. Kd5 e4 72. Ke6 e3 73. Rf7+ Kg8 74. c7 Rc1 75. Kd7 1/2-1/2

[Event "Le Touquet op 16th"]
[Site "Le Touquet"]
[Date "2001.10.28"]
[Round "2"]
[White "Tillet, Louis Juan"]
[Black "Voloshin, Leonid"]
[Result "1-0"]
[WhiteElo "2179"]
[BlackElo "2426"]
[PlyCount "134"]
[EventDate "2001.10.27"]
[EventType "swiss"]
[EventRounds "9"]
[EventCountry "FRA"]
[SourceTitle "EXT 2002"]
[Source "ChessBase"]
[SourceDate "2001.11.25"]
[SourceVersion "1"]
[SourceVersionDate "2001.11.25"]
[SourceQuality "1"]

1. e4 Nc6 2. d4 e5 3. dxe5 Nxe5 4. Nf3 d6 5. Nc3 Nf6 6. Be2 Be7 7. 0-0 0-0 8. h3 Re8 9. Re1 Bd7 10. b3 Bc6 11. Qd4 Nxf3+ 12. Bxf3 Nd7 13. Nd5 Bf6 14. Nxf6+ Qxf6 15. Bb2 Qxd4 16. Bxd4 f5 17. exf5 Bxf3 18. gxf3 Kf7 19. Re3 c5 20. Bb2 d5 21. Rae1 d4 22. Re6 g6 23. fxg6+ hxg6 24. Rxe8 Rxe8 25. Rxe8 Kxe8 26. Kg2 Kf7 27. Kg3 Nf6 28. a3 Nd5 29. Kg4 Kf6 30. h4 Ne7 31. Bc1 Nf5 32. Bg5+ Ke6 33. Kf4 Nd6 34. Bh6 b5 35. Bf8 Nb7 36. Ke4 a6 37. b4 cxb4 38. axb4 Kf7 39. Bh6 Nd6+ 40. Kd5 Nf5 41. Bg5 Ke8 42. Ke6 d3 43. cxd3 Nd4+ 44. Kd5 Nxf3 45. Bf6 Kf7 46. Bd8 Ne1 47. d4 Ke8 48. Ba5 Nf3 49. Bc7 Nxh4 50. Ke6 Nf3 51. d5 Nd4+ 52. Kd6 Nf5+ 53. Kc6 Ne7+ 54. Kc5 Kd7 55. Bf4 Nf5 56. d6 g5 57. Bh2 g4 58. Bf4 Ng7 59. Kb6 Ne6 60. Bg3 Nf8 61. Kb7 Ne6 62. Kxa6 Kc6 63. d7 Kxd7 64. Kxb5 Nd4+ 65. Kb6 Ne6 66. b5 Kc8 67. Ka7 Nd8 1-0

[Event "Bethune-B"]
[Site "Bethune"]
[Date "2001.??.??"]
[Round "?"]
[White "Clofullia, Angelique"]
[Black "Tillet, Louis Juan"]
[Result "1/2-1/2"]
[WhiteElo "1890"]
[BlackElo "2175"]
[PlyCount "24"]
[EventDate "2001.??.??"]
[EventType "schev"]
[EventRounds "10"]
[EventCountry "FRA"]
[SourceTitle "EXT 2003"]
[Source "ChessBase"]
[SourceDate "2002.11.25"]
[SourceVersion "1"]
[SourceVersionDate "2002.11.25"]
[SourceQuality "1"]

1. d4 d5 2. c4 c6 3. Nf3 Nf6 4. Nc3 dxc4 5. a4 Bf5 6. e3 e6 7. Bxc4 Bb4 8. 0-0 Nbd7 9. Re1 Bg6 10. Bd2 Qe7 11. Rc1 e5 12. dxe5 Nxe5 1/2-1/2

[Event "Bethune-B"]
[Site "Bethune"]
[Date "2001.??.??"]
[Round "?"]
[White "Tillet, Louis Juan"]
[Black "Derache, Jerome"]
[Result "1-0"]
[WhiteElo "2165"]
[BlackElo "2080"]
[PlyCount "107"]
[EventDate "2001.??.??"]
[EventType "schev"]
[EventRounds "10"]
[EventCountry "FRA"]
[SourceTitle "EXT 2003"]
[Source "ChessBase"]
[SourceDate "2002.11.25"]
[SourceVersion "1"]
[SourceVersionDate "2002.11.25"]
[SourceQuality "1"]

1. e4 e5 2. Nf3 Nc6 3. Bb5 a6 4. Ba4 Nf6 5. d4 exd4 6. 0-0 Be7 7. e5 Ne4 8. Nxd4 0-0 9. Nf5 d5 10. Bxc6 bxc6 11. Nxe7+ Qxe7 12. Re1 Be6 13. f3 Nc5 14. b3 Nd7 15. Ba3 c5 16. Nc3 Nb6 17. Qd2 Rfd8 18. Qf2 d4 19. Ne2 Qf8 20. Rad1 Nd5 21. Nxd4 Nb4 22. Bxb4 cxb4 23. Nc6 Rd7 24. Rd4 a5 25. Red1 Rxd4 26. Qxd4 h6 27. h3 Ra6 28. Nd8 Bf5 29. Rd2 Qe7 30. Kh2 Ra8 31. g4 Be6 32. f4 c5 33. Qd6 Qxd6 34. Rxd6 c4 35. f5 Bc8 36. bxc4 Ba6 37. c5 Bc4 38. c6 Bxa2 39. Nb7 Rc8 40. Rd8+ Rxd8 41. Nxd8 Bc4 42. Nb7 Ba6 43. Nxa5 Kf8 44. c7 Ke8 45. Nc6 Bb7 46. Na7 Kd7 47. c8Q+ Bxc8 48. Nxc8 Kxc8 49. Kg3 Kd7 50. Kf4 Kc6 51. Ke4 g6 52. Kd4 h5 53. e6 hxg4 54. exf7 1-0

[Event "Bethune-B"]
[Site "Bethune"]
[Date "2001.??.??"]
[Round "?"]
[White "Tillet, Louis Juan"]
[Black "Flinois, Patrice"]
[Result "1-0"]
[WhiteElo "2175"]
[BlackElo "1940"]
[PlyCount "39"]
[EventDate "2001.??.??"]
[EventType "schev"]
[EventRounds "10"]
[EventCountry "FRA"]
[SourceTitle "EXT 2003"]
[Source "ChessBase"]
[SourceDate "2002.11.25"]
[SourceVersion "1"]
[SourceVersionDate "2002.11.25"]
[SourceQuality "1"]

1. e4 d5 2. exd5 Qxd5 3. Nc3 Qa5 4. d4 Nf6 5. Nf3 Bg4 6. h3 Bf5 7. g4 Bg6 8. Ne5 Nbd7 9. Nc4 Qa6 10. d5 e6 11. Bf4 Kd8 12. g5 Nxd5 13. Nxd5 exd5 14. Qxd5 Bb4+ 15. c3 Bc5 16. 0-0-0 Qa4 17. Bd3 c6 18. Qxd7+ Kxd7 19. Bc2+ Ke6 20. Rhe1+ 1-0

[Event "Bethune op 21st"]
[Site "Bethune"]
[Date "2000.??.??"]
[Round "3"]
[White "Franc, Emmanuel"]
[Black "Tillet, Louis Juan"]
[Result "1/2-1/2"]
[WhiteElo "2060"]
[BlackElo "2280"]
[PlyCount "30"]
[EventDate "2000.12.26"]
[EventType "swiss"]
[EventRounds "7"]
[EventCountry "FRA"]
[SourceTitle "EXT 2003"]
[Source "ChessBase"]
[SourceDate "2002.11.25"]
[SourceVersion "1"]
[SourceVersionDate "2002.11.25"]
[SourceQuality "1"]

1. d4 d5 2. c4 c6 3. Nc3 dxc4 4. Nf3 Nf6 5. a4 Bf5 6. Ne5 e6 7. f3 c5 8. e4 cxd4 9. exf5 Bb4 10. Bxc4 dxc3 11. 0-0 Qc7 12. fxe6 fxe6 13. Bf4 Nc6 14. Qe2 Nxe5 15. Bxe5 Qb6+ 1/2-1/2

[Event "Bethune op"]
[Site "Bethune"]
[Date "1999.??.??"]
[Round "?"]
[White "Tillet, Louis Juan"]
[Black "Maupin, Jean Paul"]
[Result "1-0"]
[WhiteElo "2249"]
[BlackElo "2082"]
[PlyCount "57"]
[EventDate "1999.12.26"]
[EventType "swiss"]
[EventRounds "7"]
[EventCountry "FRA"]
[SourceTitle "EXT 2001"]
[Source "ChessBase"]
[SourceDate "2000.11.22"]
[SourceVersion "1"]
[SourceVersionDate "2000.11.22"]
[SourceQuality "1"]

1. e4 c6 2. d4 d5 3. Nc3 dxe4 4. Nxe4 Bf5 5. Ng3 Bg6 6. Bc4 e6 7. N1e2 Nf6 8. 0-0 Be7 9. f4 Qd7 10. Bd3 Bxd3 11. Qxd3 g6 12. f5 gxf5 13. Bg5 Qd6 14. Nxf5 exf5 15. Ng3 Nd5 16. Nxf5 Qg6 17. Bxe7 Rg8 18. Qe4 Kd7 19. c4 Ne3 20. Rf2 Nxf5 21. Rxf5 Na6 22. Bh4 Rae8 23. Qf3 Qh6 24. Rxf7+ Kc8 25. Bf2 Rg6 26. Qf5+ Kb8 27. Qd7 Rxg2+ 28. Kxg2 Qg6+ 29. Bg3+ 1-0